Welcome to the Holygrace Academy Library

Please use search bar below to get started

ORU POOVINTE MARANAM (Record no. 4865)

MARC details
000 -LEADER
fixed length control field 00288nam a22001337a 4500
082 ## - DEWEY DECIMAL CLASSIFICATION NUMBER
Classification number 894.812.3
Item number EDA/O
100 ## - MAIN ENTRY--AUTHOR NAME
Personal name EDAVANAKKAD, UMMAR
245 ## - TITLE STATEMENT
Title ORU POOVINTE MARANAM
260 ## - PUBLICATION, DISTRIBUTION, ETC. (IMPRINT)
Place of publication ALUVA
Name of publisher PEN BOOKS PVT LTD
Year of publication 2000
300 ## - PHYSICAL DESCRIPTION
Number of Pages 112
520 ## - SUMMARY, ETC.
Summary, etc NOVEL
650 ## - SUBJECT ADDED ENTRY--TOPICAL TERM
Topical Term NOVEL
942 ## - ADDED ENTRY ELEMENTS (KOHA)
Koha item type Books
Holdings
Withdrawn status Lost status Collection code Home library Current library Shelving location Date acquired Source of acquisition Cost, normal purchase price Full call number Accession Number Koha item type
    Fiction Main Library Main Library SHELF-16- I- MALAYALAM NOVELS,FICTIONS 30/01/2019 Purchase 67.00 894.812.3 EDA/O 10841 Books